000 00423nam a2200157Ia 4500
008 230711s9999||||xx |||||||||||||| ||und||
041 _aENG
082 _a621.381
_bLO-E
100 _aLowenberg, Edwin Carl
245 0 _aSchaum's outline of electronic circuits
250 _a1st . Ed.
260 _c1983
_aNew Delhi
_bTata McGraw Hill Education Limited
300 _a274
650 _aElectronics Engineering
942 _cBK
999 _c1761
_d1761